书目信息 |
| 题名: |
建筑装饰材料与施工工艺
|
|
| 作者: | 徐宝辉 , 侯绪恩 , 张杨巍 编著 | |
| 分册: | ||
| 出版信息: | 北京 北京工业大学出版社 2019 |
|
| 页数: | 232页 | |
| 开本: | 26cm | |
| 丛书名: | ||
| 单 册: | ||
| 中图分类: | TU56 , TU767 | |
| 科图分类: | ||
| 主题词: | 建筑材料--装饰材料--高等学校--教材 , 建筑装饰--工程施工--高等学校--教材 | |
| 电子资源: | ||
| ISBN: | 978-7-5639-4696-9 | |
| 000 | 01109nam0 2200289 45 | |
| 001 | 012001003376 | |
| 005 | 20140130132137.0 | |
| 010 | @a978-7-5639-4696-9@dCNY58.00 | |
| 100 | @a20181129d2016 em y0chiy50 ea | |
| 101 | 0 | @achi |
| 102 | @aCN@b110000 | |
| 105 | @aa z 000yy | |
| 106 | @ar | |
| 200 | 1 | @a建筑装饰材料与施工工艺@9jian zhu zhuang shi cai liao yu shi gong gong yi@f徐宝辉,侯绪恩,张杨巍编著 |
| 210 | @a北京@c北京工业大学出版社@d2019 | |
| 215 | @a232页@c图,照片@d26cm | |
| 300 | @a全国普通高等院校“十三五”规划精品教材 全国普通高等院校创新应用型人才培养规划教材 | |
| 330 | @a本书以室内装饰工程施工程序为主线,主要讲述装饰各个环节涉及的装材料性质、应用特点、材料的质量检测指标、材料的维护与保养以及材料的施工工艺。 | |
| 606 | 0 | @a建筑材料@x装饰材料@x高等学校@j教材 |
| 606 | 0 | @a建筑装饰@x工程施工@x高等学校@j教材 |
| 690 | @aTU56@v5 | |
| 690 | @aTU767@v5 | |
| 701 | 0 | @a徐宝辉@9xu bao hui@f(1979~)@4编著 |
| 701 | 0 | @a侯绪恩@9hou xu en@c(环境艺术设计)@4编著 |
| 701 | 0 | @a张杨巍@9zhang yang wei@4编著 |
| 801 | 0 | @aCN@b北京卓展@c20191020 |
| 905 | @b1211414-7@dTU56@e1580@f4 | |
| 建筑装饰材料与施工工艺/徐宝辉,侯绪恩,张杨巍编著.-北京:北京工业大学出版社,2019 |
| 232页:图,照片;26cm |
| 全国普通高等院校“十三五”规划精品教材 全国普通高等院校创新应用型人才培养规划教材 |
| ISBN 978-7-5639-4696-9:CNY58.00 |
| 本书以室内装饰工程施工程序为主线,主要讲述装饰各个环节涉及的装材料性质、应用特点、材料的质量检测指标、材料的维护与保养以及材料的施工工艺。 |
| ● |
| 相关链接 |
|
|
|
|
正题名:建筑装饰材料与施工工艺
索取号:TU56/1580
 
预约/预借
| 序号 | 登录号 | 条形码 | 馆藏地/架位号 | 状态 | 备注 |
| 1 | 1211414 | 212114148 | 第二样本阅览室/ [索取号:TU56/1580] | 在馆 | |
| 2 | 1211415 | 212114157 | 第三借阅区/ [索取号:TU56/1580] | 在馆 | |
| 3 | 1211416 | 212114166 | 第三借阅区/ [索取号:TU56/1580] | 在馆 | |
| 4 | 1211417 | 212114175 | 第三借阅区/ [索取号:TU56/1580] | 在馆 |